South Eastern Kenya University

Library Online Public Access Catalogue


Life Assuarance Mathematics (Record no. 534)

MARC details
000 -LEADER
fixed length control field 00290nam a22001217a 4500
050 ## - LIBRARY OF CONGRESS CALL NUMBER
Classification Number HG 8835
Item Number .S36 1999
100 ## - MAIN ENTRY--Author
Personal name W.F.Scott
245 ## - TITLE
Title Life Assuarance Mathematics
260 ## - PUBLICATION, DISTRIBUTION, ETC.(IMPRINT)
Place of publication, distribution, etc Aberdeen
Name of publisher, distributor, etc University of Aberdeen
Date of publication, distribution, etc 1999
300 ## - PHYSICAL DESCRIPTION
Extent 337p.
650 ## - SUBJECT--TOPIC
Topical term following geographic name as entry element acturial mathematics
942 ## - ADDED ENTRY ELEMENTS(KOHA)
Koha item type Shortloan 2
Holdings
Source of classification or shelving scheme Not for loan Location (home branch) Sublocation (holding branch) Date accessioned Cost, normal purchase price Full call number Barcode Cost, replacement price Koha item type Public note
Library of Congress Classification   Main Campus Library Main Campus Library 05/08/2014 1500.00 HG 8835 .S36 1999 6299 2000.00 Shortloan jm
Kitui, Kenya.
+254736116989
library@seku.ac.ke